| 000 | 00435nam a2200169Ia 4500 | ||
|---|---|---|---|
| 005 | 20250603145231.0 | ||
| 008 | 250603s9999 xx 000 0 und d | ||
| 050 | _aKD 623 .A4/ | ||
| 100 | _aAbdurahman Bin muhammed audh al-jazeeri | ||
| 245 | 0 | _aKitab alfiqh ala-madhahib al-arba”ah | |
| 260 | _aCairo-Egypt | ||
| 260 | _bDar al-fiiq al-arabiyyah | ||
| 260 | _c2006 | ||
| 300 | _a479 p | ||
| 650 | _aCairo-Egypt | ||
| 942 | _cBK | ||
| 999 |
_c41266 _d41266 |
||